00352nam a2200109Ia 4500008004100000245011200041260003300153260000900186300000900195500001100204650002700215170224s9999 xx 000 0 und d aToward an Optimal Multilingual Natural Language Generator: Deep Source Analysis and Shallow Target Analysis bPhilippine Computing Journal c2014 aIX:1 aAugust xInformation Technology